United States contributions to International Organizations. Letter from Secretary of State transmitting the 16th report on the extent and disposition of U.S. contributions to international organizations for the fiscal year 1967, pursuant to section 2 of Public Law 81-806.

Bibliographic Details
Corporate Authors: United States. Congress. House. Committee on Foreign Affairs, ProQuest (Firm)
Format: eBook
Language:English
Published: Washington : [publisher not identified], 1968.
Series:United States congressional serial set.
Subjects:
Online Access:Connect to the full text of this electronic book

MARC

Tag First Indicator Second Indicator Subfields
LEADER 00000cam a22000001a 4500
001 in00002789029
005 20190331182858.0
006 m o d
007 cr bn mmmapmmp
008 100104s1968 dcud o f000 0 eng d
035 |a cis2004341436 
040 |a UMI  |c UMI  |d UtOrBLW 
043 |a n-us--- 
099 |a ProQuest Serial Set Number 12805-4 H.doc.375 
110 1 |a United States.  |b Congress.  |b House.  |b Committee on Foreign Affairs. 
245 1 0 |a United States contributions to International Organizations. Letter from Secretary of State transmitting the 16th report on the extent and disposition of U.S. contributions to international organizations for the fiscal year 1967, pursuant to section 2 of Public Law 81-806. 
246 1 |a United States contributions to international organizations, fiscal 1967 
264 1 |a Washington :  |b [publisher not identified],  |c 1968. 
300 |a 1 online resource. 
336 |a text  |b txt  |2 rdacontent 
337 |a computer  |b c  |2 rdamedia 
338 |a online resource  |b cr  |2 rdacarrier 
490 0 |a H.doc.375 
500 |a Record is based on bibliographic data in ProQuest U.S. Serial Set Digital Collection (last viewed Jan. 2010). Reuse except for individual research requires license from ProQuest, LLC. 
510 3 |a ProQuest U.S. Serial Set Digital Collection 
500 |a Electronic resource. 
650 0 |a Economic assistance. 
650 0 |a Expenditures, Public. 
650 0 |a International agencies. 
655 7 |a Electronic books.  |2 local 
710 2 |a ProQuest (Firm) 
830 0 |a United States congressional serial set. 
856 4 0 |u http://proxy.library.tamu.edu/login?url=http://congressional.proquest.com/congcomp/getdoc?SERIAL-SET-ID=12805-4+H.doc.375  |z Connect to the full text of this electronic book  |t 0 
999 |a MARS 
999 f f |s c66c1165-a94c-3aac-bdf5-d5aaaaa24bab  |i 5f71f52a-cd84-31d7-a0ae-abd8338ccb0a  |t 0 
952 f f |a Texas A&M University  |b College Station  |c Electronic Resources  |d Available Online  |t 0  |e ProQuest Serial Set Number 12805-4 H.doc.375  |h Other scheme 
998 f f |a ProQuest Serial Set Number 12805-4 H.doc.375  |t 0  |l Available Online